000 00622nam a22001817a 4500
005 20251108174904.0
008 250721s2010 xx 000 0 ara d
082 1 4 _a923.1/دغي
100 1 _aالدغيدي، أنيس
_eمؤلف
245 1 0 _aأيام أوباما السوداء قصة حياتة و مأساته مع الفقر و الكفاح و السياسة و اليهود /
264 1 _aمصر :
_bمكتبة جزيرة الورد،
_c2010.
300 _a616ص.
650 1 7 _aالتراجم
650 1 7 _aرؤساء الدول
653 _aأوباما (1961-000
942 _2ddc
_cBK
999 _c120707
_d120707